Sumpah dalam Islam dan perlaksanaannya di Mahkamah Syariah di Malaysia /
Saved in:
| 主要作者: | |
|---|---|
| 格式: | Thesis |
| 语言: | English |
| 出版: |
Petaling Jaya
: Universiti Islam Antarabangsa Malaysia,
1988
|
| 主题: | |
| 标签: |
添加标签
没有标签, 成为第一个标记此记录!
|
| LEADER | 012070000a22002650004500 | ||
|---|---|---|---|
| 001 | 61588 | ||
| 005 | 20070531234000.0 | ||
| 008 | 930122s1988 eng | ||
| 035 | |a 232269 | ||
| 035 | |a (Sirsi) 61588 | ||
| 040 | |a UIAM |b eng | ||
| 049 | |b m | ||
| 050 | |a BP158.2O2 | ||
| 100 | 0 | |a Shaikh Harun bin Ismail | |
| 245 | 1 | 0 | |a Sumpah dalam Islam dan perlaksanaannya di Mahkamah Syariah di Malaysia / |c oleh Shaikh Harun Ismail |
| 260 | 1 | |a Petaling Jaya |b : Universiti Islam Antarabangsa Malaysia, |c 1988 | |
| 300 | |a 188 p. | ||
| 502 | |a (D.A.I.J.)--Universiti Islam Antarabangsa Malaysia, 1988 | ||
| 596 | |a 1 | ||
| 650 | 0 | |a Oaths (Islamic law) |z Malaysia | |
| 900 | |a arr-imj-bal200993 | ||
| 999 | |c 430005 |d 461496 | ||
| 952 | |0 0 |6 T BP158.2 O2 S526S 1988 |7 0 |8 THESES |9 749010 |a IIUM |b IIUM |c MULTIMEDIA |g 0.00 |o t BP158.2 O2 S526S 1988 |p 00000094558 |r 2017-10-17 |t 1 |v 0.00 |y THESIS | ||
| 952 | |0 0 |6 LU T BP158.2 O2 S526S 1988 |7 0 |8 THESES |9 749011 |a IIUM |b IIUM |c CLOSEACCES |g 0.00 |o lu t BP158.2 O2 S526S 1988 |p 00010981872 |r 2017-10-24 |t 1 |v 0.00 |y THESIS | ||
| 952 | |0 0 |6 LU T BP158.2 O2 S526S 1988 |7 0 |8 THESES |9 749012 |a IIUM |b IIUM |c CLOSEACCES |g 0.00 |o lu t BP158.2 O2 S526S 1988 |p 00000698679 |r 2017-10-24 |t 3 |v 0.00 |y THESIS | ||
